The Bourne supremacy (Record no. 35554)

MARC details
000 -LEADER
fixed length control field 00556nam a2200181Ia 4500
020 ## - INTERNATIONAL STANDARD BOOK NUMBER
ISBN 0394543963
050 ## - CALL MARK
Classification number PS 3562 .L83/
100 ## - STATEMENT OF RESPONSIBILITY--MAIN AUTHOR NAME
Personal name Ludlum, Robert
245 #4 - TITLE STATEMENT
Title The Bourne supremacy
260 ## - PUBLICATION, DISTRIBUTION, ETC. (IMPRINT)
Place of publication Franklin Center
260 ## - PUBLICATION, DISTRIBUTION, ETC. (IMPRINT)
Name of publisher Franklin Library
260 ## - PUBLICATION, DISTRIBUTION, ETC. (IMPRINT)
Year of publication 1986
300 ## - PHYSICAL DESCRIPTION
Number of Pages 597 p
650 ## - SUBJECT ADDED ENTRY--TOPICAL TERM
Topical Term Bourne, Jason (Fictitious character)--Fiction. Carlos, the Jackal--Fiction. United States. Central Intelligence Agency--Fiction. Terrorists--Fiction.
942 ## - ADDED ENTRY ELEMENTS (KOHA)
Koha item type Books
Holdings
Withdrawn status Lost status Source of classification or shelving scheme Damaged status Not for loan Permanent Location Current Location Date acquired Accession Number Price effective from Koha item type
    Library of Congress Classification     NILE UNIVERSITY OF NIGERIA - MAIN LIBRARY NILE UNIVERSITY OF NIGERIA - MAIN LIBRARY 04/23/2025 0195240 04/23/2025 Books